| 000 | 00666nam a2200241 4500 | ||
|---|---|---|---|
| 005 | 20260408125035.0 | ||
| 008 | 260331b |||||||| |||| 00| 0 eng d | ||
| 017 | _a5728 | ||
| 018 | _a2009 | ||
| 020 | _a9781262419 | ||
| 040 |
_aNLN _bEng |
||
| 050 |
_aPL8824.F156 _bI24 |
||
| 082 | _a896.333 | ||
| 100 |
_aFAGUNWA, D. O. _eaut _910862 |
||
| 245 |
_aIgbo olodumare / _cD. O. Fagunwa |
||
| 260 |
_aIbadan (Jericho Road, P. M. B. 5164) : _bNelson Publishers, _c2005 |
||
| 300 |
_a165p. _b18cm. |
||
| 563 | _a(pbk) | ||
| 650 |
_aYoruba fiction _917393 |
||
| 650 |
_aYoruba mythology _vFiction _969890 |
||
| 650 |
_aGood and evil _vFiction _969891 |
||
| 942 |
_cBK _n0 |
||
| 999 |
_c34244 _d34244 |
||